Регионална библиотека "Любен Каравелов" - Русе

Съчинения (Запис номер 180518)

MARC детайли
000 -Лидер
Контролно поле с фиксирана дължина 01802nam a2200349 a 4500
003 - Код на организацията, давaща контролен номер
Контролно поле BLK
005 - Дата и час на последна редакция
Контролно поле 20240430005253.0
008 - Елементи от данни с фиксирана дължина
fixed length control field 180411b bul|||||r ||||||| ||bul||
010 ## - Наследен системен номер
LC control number KNG00189375000
040 ## - Източник на каталожния запис
Идентификатор на билиотеката - собственик на записа BLK
041 ## - Код за език
Код за езика на текст/звукозапис или на отделно заглавие Български
Код за езика КДБФ Български
080 ## - УДК
Текстов определител УДК Българска литература
УДК код - определител по УДК 821.163.2
УДК определител (081)
УДК - код + определител 821.163.2(081)
080 ## - УДК
Текстов определител УДК Българска литература
УДК код - определител по УДК 821.163.2
УДК определител -1
УДК - код + определител 821.163.2-1
100 ## - Редна дума - Автор
Автор Славейков, Пенчо Петков
Дати, свързани с автора 1866-1912
Автор - информация (биография) Поет. Фолклорист. Преводач от немски и руски език.
R(LIN) 364367
139 ## - Редно поле
Редна дума Славейков, Пенчо Петков
Авторски знак Славе - С 42
245 10 - Сведения за заглавието
Заглавие Съчинения
Подзаглавни данни В 2 т.
Редно поле (дума) Пенчо Петков Славейков; под ред. на Ангел Тодоров; под ред. на Борис Стойчев Делчев; под ред. на на том Ангел Тодоров; * Ангел Тодоров Тошков.
Том Т. 1
Заглавие на том Поезия
257 ## - Страна на издаване
Страна на създаване/издаване България
260 ## - Област на издателските данни
Място на издаване, разпространение и проч. София
Име на издателя, разпространителя и проч. Бълг. писател
Година на издаване 1966
300 ## - Физическа характеристика
Размери/Мащаб 20 см
380 ## - Жанр
Жанр Худож. лит.
700 1# - Други автори (авторска отговорност)
Лично име Тодоров, Ангел
Автороска отговорност (Описва отношението между автора и произведението) под ред. на
Друга информация Тошков, Ангел Тодоров
9 (RLIN) 367241
700 1# - Други автори (авторска отговорност)
Лично име Делчев, Борис Стойчев
Автороска отговорност (Описва отношението между автора и произведението) под ред. на
9 (RLIN) 368307
700 1# - Други автори (авторска отговорност)
Лично име Тодоров, Ангел
Автороска отговорност (Описва отношението между автора и произведението) под ред. на на том
Друга информация Тошков, Ангел Тодоров
9 (RLIN) 367241
700 1# - Други автори (авторска отговорност)
Лично име Тошков, Ангел Тодоров
Автороска отговорност (Описва отношението между автора и произведението) *
9 (RLIN) 377337
760 1# - Описание на основната серия
Редна дума на основното описание Славейков, Пенчо Петков
Страници - том 379 с., 1 л. : портр.
Заглавие Т. 1 Поезия
852 ## - Местоположение
Форматна сигнатура Цб 37250
Фондова буква Хранилище
856 4# - Електронен адрес и достъп
Електронен формат pdf - файл
856 4# - Електронен адрес и достъп
Електронен формат pdf - файл
999 ## - СИСТЕМНИ КОНТРОЛНИ НОМЕРА
Koha biblionumber 180518
Koha biblioitemnumber 180518
942 ## - АРТИКУЛИ
Вид на библиотечния материал Книги
Скрит в OPAC Не
Периодичен библиозапис Да
944 ## - СЪЗДАВАНЕ И РЕДАКЦИЯ на ЗАПИСА
Създаване/Редакция Създаване
Дата на регистрацията/редакция 23.11.2016
Служител, извършил регистрацията/редакцията
Статус, дата на статуса CRON CRON
944 ## - СЪЗДАВАНЕ И РЕДАКЦИЯ на ЗАПИСА
Създаване/Редакция Редакция
Дата на регистрацията/редакция 23.11.2016
Служител, извършил регистрацията/редакцията Правда_Бадева
Наличности
Код за отписване Код за изгубен артикул Източник на класификационната схема Код за повреда Коз за рестрикции Код за отдаване Артикулен № Име на библиотеката - собственик Име на библиотеката, в която се намира в момента Статус (Текущо местоположение) Дата на вписване в системата Местоположение - отдел Цена в лева Инвентарен номер Систематично азбучна сигнатура Баркод Номер на екземпляра Цена в евро Служебна бележка Служебен тип на артикула
  Не е изгубен Universal Decimal Classification Не е повреден само за читалня ползва се в читалня 309381 Регионална библиотека "Любен Каравелов" Русе Регионална библиотека "Любен Каравелов" Русе Хранилище 1966-01-01 Хранилище 1.59 4541/66 Цб 37250 900000097262 1 0.81 N: стар фонд Дата: 01.01.1966 Книги
Изтеглен Не е изгубен Universal Decimal Classification Не е повреден без рестрикции заемане за дома 309382 Регионална библиотека "Любен Каравелов" Русе Регионална библиотека "Любен Каравелов" Русе Заемна - подръчен фонд 1966-01-01 Заемна - подръчен фонд 0.00 6376/66 П 886.7(081)/С 42 6376/66 2 0.00 N: стар фонд Дата: 01.01.1966 Книги
Изтеглен Не е изгубен Universal Decimal Classification Не е повреден без рестрикции заемане за дома 309383 Регионална библиотека "Любен Каравелов" Русе Регионална библиотека "Любен Каравелов" Русе Заемна - подръчен фонд 1966-01-01 Заемна - подръчен фонд 0.00 6377/66 П 886.7(081)/С 42 6377/66 3 0.00 N: стар фонд Дата: 01.01.1966 Книги
Изтеглен Не е изгубен Universal Decimal Classification Не е повреден без рестрикции заемане за дома 309384 Регионална библиотека "Любен Каравелов" Русе Регионална библиотека "Любен Каравелов" Русе Заемна - подръчен фонд 1966-01-01 Заемна - подръчен фонд 0.00 6378/66 П 886.7(081)/С 42 6378/66 4 0.00 N: стар фонд Дата: 01.01.1966 Книги
Vip Innovations Ltd, Rousse, Bulgaria 2025